| 000 | 00447nam a2200157Ia 4500 | ||
|---|---|---|---|
| 008 | 240729s9999 xx 000 0 und d | ||
| 022 | _a1982-436X | ||
| 245 | 0 | _aBrazilian Journal of Oceanography | |
| 260 | _aBrazil | ||
| 260 | _bUniversidade de São Paulo | ||
| 650 | _a Oceanography | ||
| 650 | _aGeography. Anthropology. Recreation | ||
| 856 | _uhttps://doaj.org/toc/81f2f568ce284482bff0c9f77ccb5ed0 | ||
| 942 | _2ddc | ||
| 942 | _cDOAJEJ | ||
| 999 |
_c66393 _d66393 |
||
| 945 |
_a1 _bMadushi Gamage _c1 _dMadushi Gamage |
||